Revue obchodu, průmyslu, hospodářství měsíčník pro vnější ekonomické vztahy a podnikání
Na minha lista:
| Formato: | Periódico |
|---|---|
| Idioma: | tcheco |
| Publicado em: |
Praha
Rapid
|
| Assuntos: | |
| Tags: |
Sem tags, seja o primeiro a adicionar uma tag!
|
MARC
| LEADER | 00000nas1a22000001 4500 | ||
|---|---|---|---|
| 001 | s120487 | ||
| 005 | 20250709101602.6 | ||
| 022 | |a 0139-7036 | ||
| 041 | 0 | |a cze | |
| 044 | |a CZ | ||
| 245 | 1 | 0 | |a Revue obchodu, průmyslu, hospodářství |b měsíčník pro vnější ekonomické vztahy a podnikání |
| 264 | 1 | |a Praha |b Rapid | |
| 610 | 2 | 0 | |a vzťahy hospodárske vonkajšie |
| 610 | 2 | 0 | |a podnikanie |
| 610 | 2 | 0 | |a obchod |
| 610 | 2 | 0 | |a priemysel |